Érase una vez en Hollywood
Guardat en:
| Autor principal: | |
|---|---|
| Altres autors: | |
| Format: | Desconegut |
| Idioma: | anglès |
| Publicat: |
Bogotá, Colombia:
Reservoir Books, Penguin Random House,
2021
|
| Edició: | Primera edición |
| Matèries: | |
| Etiquetes: |
Afegir etiqueta
Sense etiquetes, Sigues el primer a etiquetar aquest registre!
|
MARC
| LEADER | 00000 a2200000 4500 | ||
|---|---|---|---|
| 003 | CL-VaPUC | ||
| 005 | 20230531085912.0 | ||
| 008 | 220328b2021 ||||| |||| 00| 0 eng d | ||
| 999 | |c 434877 |d 434875 | ||
| 020 | |a 978-958-52455-5-6 | ||
| 040 | |c Pontificia Universidad Católica de Valparaíso | ||
| 082 | 7 | |a 813.6 TAR 2021 |2 22 | |
| 100 | 1 | |a Tarantino, Quentin |9 867242 |e autor | |
| 245 | 1 | |a Érase una vez en Hollywood | |
| 250 | |a Primera edición | ||
| 260 | |a Bogotá, Colombia: |b Reservoir Books, |b Penguin Random House, |c 2021 | ||
| 300 | |a 393 páginas | ||
| 583 | |k Sebastián Perez |c 20220328 | ||
| 650 | |a Actores y actrices de televisión |x Novela |9 867956 | ||
| 650 | 0 | |a Industria cinematográfica |x Novela |9 266081 | |
| 651 | |a Hollywood (California) |x Novela |9 867957 | ||
| 700 | |a Calvo, Javier |e traductor |9 867764 | ||
| 942 | |2 ddc |c BK | ||
| 952 | |0 0 |1 0 |2 ddc |4 0 |6 813_600000000000000_TAR_2021 |7 0 |8 A |9 582193 |a BIBART |b FDOSRS |d 2022-03-28 |e 159 |g 16000.00 |i 5650394 |o 813.6 TAR 2021 |p 5650394 |r 2025-03-13 |t 1 |v 16000.00 |w 2022-03-28 |y BK |k ART | ||